Anakin and Obi-Wan before Mustafar duel - Transcript - Statistics

General Stats
  • This quiz has been taken 53 times
  • The average score is 80 of 125
Answer Stats
Answer % Correct
You
97%
you
97%
you.
97%
I
90%
I
90%
a
83%
Anakin,
77%
do
77%
do.
77%
the
77%
have
73%
me.
73%
me
73%
me,
73%
my
73%
to
73%
will
73%
what
70%
Your
70%
your
70%
democracy!
67%
not
67%
Don't
67%
empire.
67%
empire?
67%
her
67%
kill
67%
must.
67%
new
67%
not
67%
republic,
67%
Sith
67%
that
67%
that.
67%
brought
63%
done
63%
in
63%
justice
63%
Only
63%
peace,
63%
try.
63%
against
60%
and
60%
deals
60%
freedom,
60%
make
60%
then
60%
yourself.
60%
enemy.
57%
from
57%
If
57%
is
57%
security
57%
take
57%
turned
57%
with
57%
absolutes,
53%
Obi-Wan,
53%
you're
53%
destroy.
50%
Jedi,
50%
for
47%
of
47%
power
47%
see
47%
already
43%
become
43%
dark
43%
lies
43%
lust
43%
swore
43%
through
43%
anger
40%
as
40%
fear
40%
lecture
40%
side
40%
lord
37%
now
37%
thing
37%
this
37%
very
37%
allowed
33%
mind
33%
until
33%
twist
30%
alleigance
13%
No matching quizzes found
Score Distribution
Percent of People with Each Score
Percentile by Number Answered
Your Score History
You have not taken this quiz